Statystyki dla Stolice świata najbliżej Algieru

Kliknij tutaj aby rozwiązać quiz!

Ogólne statystyki

  • Ten quiz został rozwiązany 107 razy
  • Średni wynik to 13 z 20

Statystyki odpowiedzi

kmkapitał% Poprawnych
720Madryt
93%
993Rzym
89%
631Tunis
89%
953Rabat
87%
1100Lizbona
85%
1026Valletta
75%
1017Trypolis
74%
1352Paryż
73%
990Watykan
65%
1195Berno
64%
1125San Marino
64%
863Monako
59%
658Andora
56%
1275Vaduz
53%
1476Zagrzeb
48%
1407Lublana
43%
1520Sarajewo
37%
1457Luksemburg
35%
1531Londyn
34%
1522Podgorica
33%

Rozkład punktacji

Percentyl według liczby udzielonych odpowiedzi

Procent ludzi z każdym wynikiem

Twoja historia wyników

Nie rozwiązałeś tego quizu